En busca de la política

I tiakina i:
Ngā taipitopito rārangi puna kōrero
Kaituhi matua: Bauman, Zygmunt (Author)
Hōputu: Pukapuka
Reo:Pāniora
I whakaputaina: Ciudad de México Fondo de Cultura Económica 2001
Rangatū:Sección de Obras de Sociología
Ngā marau:
Ngā Tūtohu: Tāpirihia he Tūtohu
Kāore He Tūtohu, Me noho koe te mea tuatahi ki te tūtohu i tēnei pūkete!

MARC

LEADER 00000nam a2200000 a 4500
001 UCN8535
003 CL-VaPUC
008 011116e20010000MX |||||||||||||||||spa|d
020 |a 9505573634 
020 |a 9789505573639 
082 0 4 |a 320.01  |b BAU  |2 21 
100 0 |a Bauman, Zygmunt  |e author  |9 464793 
245 1 0 |a En busca de la política 
300 |a 218 p 
942 |c BK 
945 |d 20011116 00:00:00  |a cmena 
260 |a Ciudad de México  |b Fondo de Cultura Económica  |c 2001 
650 7 |a FILOSOFIA POLITICA  |2 CL-VaPUC  |9 464794 
650 0 |a Libertad  |9 255686 
650 0 |a Problemas sociales  |9 258537 
650 0 |a Acción política  |9 341245 
583 |a last modification  |c 20011116 00:00:00  |k Rodrigo Vera 
490 0 |a Sección de Obras de Sociología 
999 |c 298374  |d 298372 
952 |0 0  |1 0  |4 0  |6 320_010000000000000_BAU_2001  |7 0  |8 A  |9 353898  |a BIBEDU  |b BIBEDU  |d 2019-11-21  |i 3772659  |o 320.01 BAU 2001  |p 3772659  |r 2019-11-21  |w 2019-11-21  |y BK  |k FIL 
952 |0 0  |1 0  |4 0  |6 320_010000000000000_BAU_2001  |7 0  |8 A  |9 353899  |a BIBHIS  |b BIBHIS  |d 2019-11-21  |i 4561716  |o 320.01 BAU 2001  |p 4561716  |r 2025-01-20  |w 2019-11-21  |y BK  |k HIS